Aural rehabilitation : a management model /

Bibliographic Details
Main Author: Sanders, Derek A.
Format: Book
Language:English
Published: Englewood Cliffs, N.J. : Prentice-Hall, [1982]
Edition:2nd ed.
Subjects:

MARC

Tag First Indicator Second Indicator Subfields
LEADER 00000cam a2200000 a 4500
001 in00000084846
005 20151008054407.0
008 810818s1982 njua b 00110 eng
010 |a  81013915  
020 |a 0130532150 
035 |a (OCoLC)07734337 
035 |9 AAJ0527AM 
039 0 |a 2  |b 3  |c 3  |d 3  |e 3 
040 |a DLC  |c DLC  |d WAU  |d m/c  |d TXA  |d UtOrBLW 
049 |a TXAM  |c [A09511364] 
050 0 0 |a RF297  |b .S35 1982 
082 0 |a 362.4/283  |2 19 
096 |a WV 270 S215a 1982 
100 1 |a Sanders, Derek A. 
245 1 0 |a Aural rehabilitation :  |b a management model /  |c Derek A. Sanders. 
250 |a 2nd ed. 
264 1 |a Englewood Cliffs, N.J. :  |b Prentice-Hall,  |c [1982] 
264 4 |c ©1982 
300 |a xiv, 450 pages :  |b illustrations ;  |c 24 cm. 
336 |a text  |b txt  |2 rdacontent 
337 |a unmediated  |b n  |2 rdamedia 
338 |a volume  |b nc  |2 rdacarrier 
504 |a Includes bibliographies and index. 
650 0 |a Deaf  |x Rehabilitation. 
650 0 |a Audiology. 
650 2 |a Correction of Hearing Impairment. 
999 |a MARS 
999 f f |s 3d60e070-85e4-3d0e-af8e-a1c823a02130  |i 3974c819-bdcf-30b1-8a83-7cedb37149e7  |t 0 
952 f f |p ric  |a Texas A&M University  |b Rellis Campus  |c Joint Library Facility  |d Remote Storage  |t 0  |e RF297 .S35 1982  |h Library of Congress classification  |i unmediated -- volume  |m A14809511364 
998 f f |a RF297 .S35 1982  |t 0  |l Remote Storage